书目信息 |
| 题名: |
基础生命科学
|
|
| 作者: | 徐建平 , 吴庆余 著 | |
| 分册: | ||
| 出版信息: | 北京 高等教育出版社 2006.01 |
|
| 页数: | 387页 | |
| 开本: | 28cm | |
| 丛书名: | ||
| 单 册: | ||
| 中图分类: | Q1-0 | |
| 科图分类: | ||
| 主题词: | 生命科学--sheng ming ke xue--高等学校--英文--教材 | |
| 电子资源: | ||
| ISBN: | 7-04-017691-2 | |
| 000 | 00947nam0 2200241 450 | |
| 001 | 012006360417 | |
| 005 | 20060914110631.68 | |
| 010 | @a7-04-017691-2@dCNY75.00 | |
| 100 | @a20060725d2006 km y0chiy0120 ea | |
| 101 | 0 | @aeng |
| 102 | @aCN@b110000 | |
| 105 | @aa z 000yy | |
| 200 | 1 | @a基础生命科学@Aji chu sheng ming ke xue@e英文版@d= Essentials of Life Science@f徐建平, 吴庆余著@Fxu jian ping,wu qing yu zhu@zeng |
| 210 | @a北京@c高等教育出版社@d2006.01 | |
| 215 | @a387页@c图@d28cm | |
| 330 | @a本书是吴庆余编著的《基础生命科学》的英文版,由加拿大McMaster University徐建平和清华大学吴庆余教授共同编写,是国内自编的第一本全彩色、面向大学本科学生的通识课英文版教材。 | |
| 510 | 1 | @aEssentials of Life Science@zeng |
| 606 | 0 | @a生命科学@Asheng ming ke xue@x高等学校@x英文@j教材 |
| 690 | @aQ1-0@v4 | |
| 701 | 0 | @a徐建平@Axu jian ping@4著 |
| 701 | 0 | @a吴庆余@Awu qing yu@4著 |
| 801 | 0 | @aCN@bQSSK@c20060914 |
| 905 | @a10447@dQ1-0@eX734 | |
| 基础生命科学:英文版= Essentials of Life Science/徐建平, 吴庆余著.-北京:高等教育出版社,2006.01 |
| 387页:图;28cm |
| ISBN 7-04-017691-2:CNY75.00 |
| 本书是吴庆余编著的《基础生命科学》的英文版,由加拿大McMaster University徐建平和清华大学吴庆余教授共同编写,是国内自编的第一本全彩色、面向大学本科学生的通识课英文版教材。 |
| ● |
| 相关链接 |
|
|
|
正题名:基础生命科学
索取号:Q1-0/X734
 
预约/预借
| 序号 | 登录号 | 条形码 | 馆藏地/架位号 | 状态 | 备注 |
| 1 | 597001 | 205970010 | 自科库401/401自科库 24排4列3层/ [索取号:Q1-0/X734] | 在馆 | |
| 2 | 597002 | 205970029 | 自科库401/401自科库 24排4列3层/ [索取号:Q1-0/X734] | 在馆 | |
| 3 | 597003 | 205970038 | 自科库401/401自科库 24排4列3层/ [索取号:Q1-0/X734] | 在馆 |